262 conceptos clave de sociología /
Сохранить в:
| Главный автор: | |
|---|---|
| Другие авторы: | |
| Формат: | Электронный ресурс eКнига |
| Язык: | испанский |
| Опубликовано: |
Barcelona :
Editorial UOC,
[2020]
|
| Редактирование: | Primera edición en formato digital. |
| Серии: | Manuales (Editorial UOC). Sociología.
|
| Предметы: | |
| Online-ссылка: | Digitalia Hispánica |
| Метки: |
Добавить метку
Нет меток, Требуется 1-ая метка записи!
|
MARC
| LEADER | 00000nam a2200000Ii 4500 | ||
|---|---|---|---|
| 001 | DIGUOCES0192 | ||
| 003 | NyNyDIG | ||
| 006 | m o d | ||
| 007 | cr ||||||||||| | ||
| 008 | 220322s2020 sp obd 001 0 spa d | ||
| 035 | |a (OCoLC)1145241452 | ||
| 040 | |a DGITA |b eng |e rda |e pn |c DGITA | ||
| 020 | |a 9788491806738 |q eBook |q pdf | ||
| 020 | |a 9788491806745 |q eBook |q ePub | ||
| 020 | |z 9788491806721 | ||
| 050 | 1 | 4 | |a HM425 ebook |
| 082 | 0 | 4 | |a 301.03 |
| 100 | 1 | |a Busquet i Duran, Jordi, |e author. | |
| 245 | 1 | 0 | |a 262 conceptos clave de sociología / |c Jordi Busquet [and 3 others] ; prólogo de Salvador Giner. |
| 246 | 3 | 3 | |a Doscientos sesenta y dos conceptos clave de sociología |
| 250 | |a Primera edición en formato digital. | ||
| 264 | 1 | |a Barcelona : |b Editorial UOC, |c [2020] | |
| 300 | |a 1 online resource. | ||
| 336 | |a text |b txt |2 rdacontent | ||
| 337 | |a computer |b c |2 rdamedia | ||
| 338 | |a online resource |b cr |2 rdacarrier | ||
| 347 | |a text file |2 rdaft | ||
| 347 | |b PDF | ||
| 490 | 1 | |a Sociología | |
| 504 | |a Includes bibliographical references and indexes. | ||
| 588 | 0 | |a Online resource; title from PDF title page (Digitalia, viewed March 22, 2022) | |
| 650 | 0 | |a Sociology |v Dictionaries. | |
| 655 | 0 | |a Electronic books. | |
| 700 | 1 | |a Giner, Salvador, |e contributor agent of text. | |
| 791 | 2 | |a Digitalia (Firm), |e distributor. | |
| 793 | 0 | |g Digitalia eBook Collection: |a Universitat Oberta de Catalunya | |
| 776 | 0 | 8 | |i Print version: |a Busquet i Duran, Jordi. |t 262 conceptos clave de sociología. |b Primera edición en lengua castellana. |d Barcelona : Editorial UOC, [2019] |z 9788491806721 |
| 830 | 0 | |a Manuales (Editorial UOC). |p Sociología. | |
| 856 | 4 | 0 | |3 Digitalia Hispánica |u https://digitalia.unach.elogim.com/a/69975/ |
| 910 | |a Premium collection: 2022 | ||